| 000 | 00682cam a22002053a 4500 | ||
|---|---|---|---|
| 001 | 35688 | ||
| 003 | PGUSA | ||
| 005 | 20140828083752.0 | ||
| 008 | 110326s2011||||xxu|||||s|||||000 | eng d | ||
| 040 |
_aPGUSA _beng |
||
| 042 | _adc | ||
| 100 | 1 |
_aGerstenberg, Alice, _d1885-1972 |
|
| 245 | 1 | 0 |
_aAlice in Wonderland : _bA Dramatization of Lewis Carroll's "Alice's Adventures in Wonderland" and "Through the Looking Glass" _h[electronic resource] / _cAlice Gerstenberg |
| 260 |
_bProject Gutenberg, _c2011 |
||
| 506 | _aPublic domain in the USA. | ||
| 516 | _aElectronic text | ||
| 830 | 0 |
_aProject Gutenberg _v35688 |
|
| 856 | 4 | 0 | _uhttp://www.gutenberg.org/ebooks/35688 |
| 942 | _cEB | ||
| 999 |
_c264943 _d264943 |
||